Outsiders (Record no. 1079945)

MARC details
000 -LEADER
fixed length control field 00990nam a2200325Ia 4500
003 - CONTROL NUMBER IDENTIFIER
control field OSt
005 - DATE AND TIME OF LATEST TRANSACTION
control field 20221006144517.0
008 - FIXED-LENGTH DATA ELEMENTS--GENERAL INFORMATION
fixed length control field 221006b |||||||| |||| 00| 0 eng d
020 ## - INTERNATIONAL STANDARD BOOK NUMBER
International Standard Book Number 0472086790
-- 6.50
020 ## - INTERNATIONAL STANDARD BOOK NUMBER
International Standard Book Number 9780472086795
037 ## - SOURCE OF ACQUISITION
Terms of availability Textual
040 ## - CATALOGING SOURCE
Original cataloging agency EASL
Transcribing agency EASL
Language of cataloging eng
041 ## - LANGUAGE CODE
Source of code eng
Language code of text/sound track or separate title eng
100 ## - MAIN ENTRY--PERSONAL NAME
Personal name Murphey Rhoads
245 #0 - TITLE STATEMENT
Title Outsiders
Remainder of title Western experience in India and China
260 ## - PUBLICATION, DISTRIBUTION, ETC.
Place of publication, distribution, etc. Ann Arbor
Name of publisher, distributor, etc. The University of Michigan Press
Date of publication, distribution, etc. 1977
300 ## - PHYSICAL DESCRIPTION
Extent 300p.
Dimensions cm.
490 ## - SERIES STATEMENT
Volume/sequential designation Gen
Series statement Michigan Studies on China
650 ## - SUBJECT ADDED ENTRY--TOPICAL TERM
Topical term or geographic name entry element East and West
9 (RLIN) 367687
650 ## - SUBJECT ADDED ENTRY--TOPICAL TERM
Topical term or geographic name entry element Europe - Foreign relations - China
9 (RLIN) 652170
650 ## - SUBJECT ADDED ENTRY--TOPICAL TERM
Topical term or geographic name entry element Gen
650 ## - SUBJECT ADDED ENTRY--TOPICAL TERM
Topical term or geographic name entry element India - Foreign relations - Europe
9 (RLIN) 652171
650 ## - SUBJECT ADDED ENTRY--TOPICAL TERM
Topical term or geographic name entry element India - History - British occupation
9 (RLIN) 652172
942 ## - ADDED ENTRY ELEMENTS (KOHA)
Classification part V2:195.N47, L7
Koha item type Textual
Source of classification or shelving scheme Colon Classification (CC)
Holdings
Withdrawn status Lost status Source of classification or shelving scheme Damaged status Not for loan Home library Current library Date acquired Serial Enumeration / chronology Total Checkouts Full call number Barcode Date last seen Price effective from Koha item type
    Colon Classification (CC)     Department of East Asian Studies Library Department of East Asian Studies Library 2022-10-06 Gen   V2:195.N47 L7 EA0555681 2022-10-06 2022-10-06 Textual
Copyright @ Delhi University Library System